00920nam a2200229 a 450000100100000000500170001000800410002702000150006804000250008304100130010810000440012124500770016526000420024230000210028449000170030559000760032265000370039870000370043583000240047295201770049699900170067300003572820200930074550.0111109s1979 sp 000 0 spa d a8474260515 aDO-SdBNPbspacBNPHU17aspaheng1 aFarrington, Benjamin,d1891-197494408710aCiencia griega /cBenjamin Farrington ; traducción Elsa Ariadna Nikos. aBarcelona :bIcaria Editorial,c1979. a302 p. ;c20 cm.0 aIcaria ;v26 aPerteneció a la biblioteca personal de Juan Isidro Jimenes Grullón.24aCienciazGreciaxHistoria9616611 aNikos, Elsa Ariadna,etr.961662 0aIcaria ;n26961663 001050718MOaGRbGRcCTd2011-11-09iLF1l0o p35728-10r2020-06-25w2020-06-25y1zPerteneció a la biblioteca personal de Juan Isidro Jimenes GrullónZNo se presta c35219d35219